Normal view
MARC view
- HACKER'S CHALLENGE: Test your Network Security & Forensic Skills
Entry Topical Term
001 - CONTROL NUMBER
- control field: 123977
003 - CONTROL NUMBER IDENTIFIER
- control field: NUST
005 - DATE AND TIME OF LATEST TRANSACTION
- control field: 20240701182951.0
008 - FIXED-LENGTH DATA ELEMENTS
- fixed length control field: 240701|| aca||aabn | a|a d
040 ## - CATALOGING SOURCE
- Original cataloging agency: NUST
- Transcribing agency: NUST
150 ## - HEADING--TOPICAL TERM
- Topical term or geographic name entry element: HACKER'S CHALLENGE: Test your Network Security & Forensic Skills
670 ## - SOURCE DATA FOUND
- Source citation: Work cat.: (NUST): SCHIFFMAN, .D. Mike, 123975, HACKER'S CHALLENGE: Test your Network Security & Forensic Skills, 2003.
